Szczegóły MARC21

Mikroekonomia /

003 -Nazwa inst., której nr kontr. jest w polu 001 [,]
    • @
    • Nazwa instytucji, której n kontrolny jest w polu 001
    • NUKAT
005 -DATA I CZAS OSTATNIEJ MODYFIKACJI [,]
    • @
    • pole kontrolne
    • 20241231085459.0
020 -Międzynarod. znormalizowany nr książki - ISBN [ , ]
    • a
    • Numer ISBN
    • 8385360107 Find
040 -Instytucja sporządzająca opis [ , ]
    • a
    • Instytucja, która sporządziła opis (NP)
    • SZCZ M/MK
    • c
    • Instytucja, która sporządziła rekord (NP)
    • SZCZ M/MK
942 -Rodzaj dokumentu [ , ]
    • c
    • Rodzaj dokumentu
    • Książka
245 -Strefa tytułu i oznaczenia odpowiedzialności [0,0]
    • a
    • Tytuł
    • Mikroekonomia / Find
    • c
    • Pozostałe elementy strefy tytułu i oznaczenia odpowiedzialności (NP)
    • pod red. Danuty Kopycińskiej ; [aut. T. Bernat et al.].
250 -Strefa wydania [ , ]
    • a
    • Oznaczenie wydania (NP)
    • Wyd. 4 uzup. i popr.
260 -Strefa adresu wydawniczego [ , ]
    • a
    • Miejsce wydania (P)
    • Szczecin :
    • b
    • Nazwa wydawcy (P)
    • [s.n.],
    • c
    • Data wydania (P)
    • 2000.
300 -Strefa opisu fizycznego [ , ]
    • a
    • Określenie formy książki i/lub objętość (NP)
    • 332 s. ;
    • c
    • Format (NP)
    • 24 cm.
336 -Typ zawartości [ , ]
    • a
    • Termin opisujący typ zawartości
    • Tekst
    • b
    • Kod określający zawartość
    • txt
    • 2
    • Źródło (terminu i kodu)
    • rdacontent
337 -Typ mediów [ , ]
    • a
    • Tryb odtwarzania
    • Bez urządzenia pośredniczącego
    • b
    • Kod typu mediów
    • n
    • 2
    • Źródło (terminu i kodu)
    • rdamedia
338 -Typ/rodzaj nośnika [ , ]
    • a
    • Hasło opisujące typ nośnika
    • Wolumin
    • b
    • Kod typu nośnika
    • nc
    • 2
    • Źródło (terminu i kodu)
    • rdacarrier
504 -Uwaga dot. bibliogr. załącznikowej [ , ]
    • a
    • Uwaga dot. bibliografii załącznikowej
    • Bibliogr. s. 331-332.
080 -Uniwersalna Klasyfikacja Dziesiętna [ , ]
    • a
    • Symbol klasyfikacji
    • 330.101.542
    • 2
    • Identyfikator wydania tablic
    • UDC-P058
    • 9
    • UKD
    • 2947
    • b
    • Dopowiedzenie
    • Mikroekonomia.
    • 4
    • UKD2
    • 7665
    • x
    • Poddział wspólny
    • (075.8)
    • c
    • Dopowiedzenie poddz. wspólnego
    • (Podręczniki dla szkół wyższych. Skrypty).
980 -Symbol UKD [ , ]
    • a
    • UKD
    • 330.101.542(075.8)
700 -Hasło dodatkowe - nazwa osobowa [1, ]
    • a
    • Nazwa osobowa (NP)
    • Kopycińska, Danuta. Find
    • e
    • Określenie rodzaju współpracy
    • Red.
    • 9
    • KHW
    • 1705
700 -Hasło dodatkowe - nazwa osobowa [1, ]
    • a
    • Nazwa osobowa (NP)
    • Bernat, Tomasz. Find
    • 9
    • KHW
    • 13919
920 -ISBN [ , ]
    • a
    • ISBN
    • 83-85360-10-7 Find
Data inwentaryzacji Lokalizacja Status udost. Numer inwentarzowy Sygnatura
2000-10-16BE-2E.67433 
2000-10-16BE2S.87042 
2000-10-16BE-6S.87043 
2000-10-16BE2S.87044 
2000-10-16BE-6S.87045 
2000-10-16BE-6S.87046 
2006-01-03BE-2S.92180 
2006-07-03BE-2S.92482 
2004-11-17BG1N.18540Matematyka finansowa
2000-11-27T-2T.3408T.3408
2000-11-27T-3T.3409T.3409
2000-11-27T-3T.3411T.3411
2000-11-27T-3T.3412T.3412
2000-11-27T-3T.3414T.3414
2000-11-27T-6T.3415T.3415
2000-11-27T-3T.3418T.3418
2000-11-27T-3T.3419T.3419
2000-11-27T-3T.3422T.3422
2000-11-27T-3T.3426T.3426
2000-11-27T-3T.3427T.3427
2002-10-31T-6T.7026T.7026
2002-10-31T-3T.7027 
2006-03-01T-3TM.3905TM.3905
2008-03-14T-3TM.5399TM.5399
2000-11-27T-6T.3421T.3421
2000-11-27T-6T.3416T.3416
2000-11-27T-6T.3420T.3420
2000-11-27T-6T.3413T.3413
2000-11-27T-6T.3410T.3410
2000-11-27T-6T.3424T.3424
2000-11-27T-6T.3417T.3417
2000-11-27T-6T.3423T.3423
2000-11-27T-6T.3425T.3425